000 00337nam a22001457a 4500
003 OSt
008 240401b |||||||| |||| 00| 0 eng d
020 _a9788172345648
100 _aHILL, Napoleon
245 _aThink and Grow Rich
260 _aNew Delhi
_bParkash Books
_c2020
300 _a271
650 _aGeneral
942 _2ddc
_cREF
999 _c12359
_d12359